| 000 | 01827nam a2200229Ia 4500 | ||
|---|---|---|---|
| 003 | Ost | ||
| 005 | 20260507075056.0 | ||
| 008 | 260507s9999||||xx |||||||||||||| ||und|| | ||
| 040 | _cfsecg | ||
| 041 | _aara | ||
| 082 | _a651.78 | ||
| 100 |
_aالشيخلي، عبد القادر _eمؤلف |
||
| 245 | 0 |
_aفن كتابة التقارير : _bلا سيما التقارير الإدارية والمالية والفنية / _c عبد القادر الشيخلي |
|
| 260 |
_aعمان: _bمكتبة دار الثقافة, _c2004 |
||
| 300 |
_a148 صفحة؛ _bإيضاحات ؛ _c25 سم |
||
| 520 | _aأهمية التقارير،تعريف التقرير،أطراف التقرير،قواعد التقارير الفعالة،أهداف التقارير،التقارير ونظام الاتصالات،أشكال وأنواع التقارير،المعيار الشكلي،المعيار الموضوعي،صفات التقرير الفعال،الوضوح،الدقة والحداثة،الموضوعية،الايجاز،مراحل إعداد التقرير الفعال،الدراسة والتحليل ةاختيار الحل،إعداد هيكل التقرير،كتابة التقرير،كتابة التقرير الفعال،أقسام التقرير،الإهتمام بالصيغة اللغوية،المباشرة بالكتابة،الأشكال والجداول،الاهتمام بالطباعة،مراجعة التقرير | ||
| 653 | _aالتقارير المالية | ||
| 653 | _aكتابة التقارير | ||
| 700 |
_a حسين، أحمد _eمؤلف ثانوي |
||
| 700 |
_aحسين، علي _eمؤلف ثانوي |
||
| 942 | _cكتاب | ||
| 999 |
_c42743 _d42743 |
||